Les 10 meilleurs shooteurs à 3 points de l'histoire de la NBA - Statistiques

Statistiques générales
  • Ce quiz a été pris 39 fois
  • Le résultat moyen est 7 sur 15
Statistiques - réponses
Hint Réponse Equipe principale Nombre de tirs réussis % Correct
N°1 Stephen Curry Golden states Warriors 4233
100%
N°2 James Harden Houston Rockets 3396
89%
N°6 Lebron James Cleveland Cavaliers 2622
84%
N°4 Klay Thompson Golden States Warriors 2851
76%
N°5 Damian Lillard Portland Trail Blazers 2804
68%
N°3 Ray Allen Milwaukee bucks 2973
63%
N°7 Reggie Miller Indiana Pacers 2560
63%
N°10 Kevin Durant Golden State Warriors 2326
61%
N°11 Vince Carter Toronto Raptors 2290
37%
N°9 Paul George Los Angeles Clippers 2415
32%
N°8 Kyle Korver Atlanta Hawks 2450
24%
N°14 Kyle Lowry Toronto Raptors 2208
24%
N°12 Jason Terry Dallas Mavericks 2282
11%
N°15 Buddy Hield Sacramento Kings 2194
8%
N°13 Jamal Crawford Los Angeles Clippers / New York Knicks 2221
5%
Aucun quiz correspondant
Distribution des résultats
% des personnes avec chaque résultat
Percentile par nombre de réponses
Votre historique - résultats
Vous n’avez pas pris ce quiz